| 000 | 01014cam a2200301 4500 | ||
|---|---|---|---|
| 008 | 090401t1994 xxu||||| |||| 00| 0 eng d | ||
| 020 | _a0854066470 | ||
| 035 | _a(Sirsi) u60265 | ||
| 041 | _aeng | ||
| 050 | _a333.33 | ||
| 090 | _aRICS 1994/23ABCD | ||
| 110 |
_aRoyal Institution of Chartered Surveyors _94900 |
||
| 245 | _aEconomic cycles and property cycles. Working paper 1: the availability & adequacy of data...March 1993. | ||
| 260 |
_aLondon _bRICS _c1994 |
||
| 300 | _a27p. ; 30cm. | ||
| 350 | _a5 | ||
| 520 | _aCover title: Understanding the Property Cycle. Forms part of the interim report of the RICS Economic Cycles and Property Cycles Project. | ||
| 650 | _aPROPERTY-COMMERCIAL PROPERTY | ||
| 650 | _aECONOMIC CYCLES | ||
| 650 | _aPROPERTY CYCLES | ||
| 650 | _aPROPERTY MARKET | ||
| 650 | _aSTATISTICS | ||
| 690 | _aPROPERTY-COMMERCIAL PROPERTY | ||
| 710 |
_aInvestment Property Databank _92288 |
||
| 710 |
_aUniversity of Aberdeen _92596 |
||
| 942 | _n0 | ||
| 948 | _c04/03/1997 | ||
| 999 |
_c94220 _d94220 |
||